000 00264 a2200085 4500
100 1 _aKuznecov, O.A..
_eAutor
245 0 _aAvtomatizacija processov poiska informacii /
_cKuznecov O.A..
710 2 _aEnergija.
_eWydawca
_4pbl
260 _aMoskva :
_bEnergija,
_c1972.
300 _a192 s.;
_c23 cm.
999 _c15354
_d15354